[Event "4NCL Division 2a"]
[Site "Telford, ENG"]
[Date "2017.03.04"]
[Round "7.44"]
[White "Bogdan, Horia-Daniel"]
[Black "Wheeler, Darren P"]
[Result "1/2-1/2"]
[WhiteElo "2057"]
[BlackElo "2260"]
[PlyCount "83"]
[EventDate "2017.03.04"]
[WhiteTeam "Downend & Fishponds"]
[BlackTeam "The ADs"]

1. d4 e6 2. c4 d5 3. Nf3 c5 4. cxd5 exd5 5. g3 Nc6 6. Bg2 Nf6 7. O-O Be7 8. Nc3
O-O 9. b3 Ne4 10. Bb2 Bf6 11. Nxe4 dxe4 12. Nd2 e3 13. fxe3 cxd4 14. Bxc6 bxc6
15. Ne4 dxe3 16. Nxf6+ gxf6 17. Bxf6 Qxd1 18. Rfxd1 Bg4 19. Kf1 Rfe8 20. Rd4 h5
21. Rc1 Re6 22. Rf4 Rb8 23. Bd4 a6 24. Rc3 Rd8 25. Ke1 Red6 26. Bxe3 Rd1+ 27.
Kf2 Rh1 28. Kg2 Re1 29. h3 Rxe2+ 30. Rf2 Rxf2+ 31. Bxf2 Bf5 32. Rc5 Be4+ 33.
Kf1 Rd2 34. Rxh5 Rxa2 35. Bd4 f5 36. Rh8+ Kf7 37. h4 Rd2 38. Bc5 Kg7 39. Ra8
Kg6 40. Ke1 Rd3 41. b4 Bd5 42. Bd6 1/2-1/2

[Event "4NCL Division 2a"]
[Site "Telford, ENG"]
[Date "2017.03.04"]
[Round "7.45"]
[White "Rich, Mark C"]
[Black "Humphreys, Jerry G"]
[Result "1/2-1/2"]
[WhiteElo "2185"]
[BlackElo "2012"]
[PlyCount "47"]
[EventDate "2017.03.04"]
[WhiteTeam "The ADs"]
[BlackTeam "Downend & Fishponds"]

1. e4 c5 2. Nc3 a6 3. g3 b5 4. Bg2 Bb7 5. d3 e6 6. Nf3 d5 7. exd5 exd5 8. d4
Nf6 9. O-O b4 10. Re1+ Be7 11. Ne2 O-O 12. Bg5 Nbd7 13. h3 Re8 14. Be3 c4 15.
Ne5 Qc7 16. f4 Ne4 17. Kh2 a5 18. Ng1 a4 19. Ngf3 a3 20. b3 f6 21. Nxd7 Qxd7
22. Nd2 Nc3 23. Qg4 Qxg4 24. hxg4 1/2-1/2

[Event "4NCL Division 2a"]
[Site "Telford, ENG"]
[Date "2017.03.04"]
[Round "7.46"]
[White "Young, Daniel J"]
[Black "Stockwell, Mark B"]
[Result "1-0"]
[WhiteElo "2012"]
[BlackElo "2095"]
[PlyCount "67"]
[EventDate "2017.03.04"]
[WhiteTeam "Downend & Fishponds"]
[BlackTeam "The ADs"]

1. e4 e5 2. Nf3 Nc6 3. Bb5 a6 4. Ba4 Nf6 5. O-O Nxe4 6. d4 b5 7. Bb3 d5 8. dxe5
Be6 9. c3 Bc5 10. Nbd2 O-O 11. Bc2 Nxf2 12. Rxf2 f6 13. exf6 Bxf2+ 14. Kxf2
Qxf6 15. Nf1 Ne5 16. Kg1 Nxf3+ 17. Qxf3 Qxf3 18. gxf3 Rxf3 19. Be3 Bh3 20. Bd4
Re8 21. Ng3 h5 22. Bg6 Re6 23. Bxh5 Rd3 24. Ne2 Re4 25. Kf2 Bg4 26. Bxg4 Rxg4
27. b4 Rd2 28. a4 Rh4 29. Ke3 Rb2 30. Nf4 Rhxh2 31. axb5 axb5 32. Rg1 Kf8 33.
Rxg7 c6 34. Rc7 1-0

[Event "4NCL Division 2a"]
[Site "Telford, ENG"]
[Date "2017.03.04"]
[Round "7.47"]
[White "Bailey, Kevin J"]
[Black "French, Max"]
[Result "1/2-1/2"]
[WhiteElo "2095"]
[BlackElo "1930"]
[PlyCount "55"]
[EventDate "2017.03.04"]
[WhiteTeam "The ADs"]
[BlackTeam "Downend & Fishponds"]

1. e4 c6 2. d4 d5 3. exd5 cxd5 4. Bf4 Nc6 5. c3 Bf5 6. Nd2 e6 7. Qb3 Qd7 8.
Ngf3 Bd6 9. Bg3 Bxg3 10. hxg3 Nge7 11. Be2 h6 12. Qd1 O-O 13. Nb3 a6 14. Nc5
Qc7 15. O-O Nb8 16. Qd2 b6 17. Nd3 Nd7 18. Nfe5 Nf6 19. g4 Bh7 20. Nf4 Nc6 21.
Nxc6 Qxc6 22. f3 Nd7 23. Bd3 Bxd3 24. Nxd3 Qd6 25. Qf4 Qxf4 26. Nxf4 Rab8 27.
a4 Rfc8 28. Nd3 1/2-1/2

[Event "4NCL Division 2a"]
[Site "Telford, ENG"]
[Date "2017.03.04"]
[Round "7.48"]
[White "Meadows, Michael"]
[Black "Bellin, Jana M"]
[Result "1/2-1/2"]
[WhiteElo "1965"]
[BlackElo "2020"]
[PlyCount "79"]
[EventDate "2017.03.04"]
[WhiteTeam "Downend & Fishponds"]
[BlackTeam "The ADs"]

1. e4 c5 2. Nf3 e6 3. d4 cxd4 4. Nxd4 a6 5. Bd3 Nf6 6. O-O Qc7 7. Qe2 d6 8. c4
Be7 9. Nc3 Nbd7 10. f4 O-O 11. Be3 b6 12. b4 Bb7 13. Rac1 Rac8 14. a3 Qb8 15.
Rfd1 Rfe8 16. h3 g6 17. Qf2 Qa8 18. Qf3 e5 19. Nde2 exf4 20. Bxf4 Ne5 21. Bxe5
dxe5 22. Nd5 Nxd5 23. cxd5 a5 24. d6 Bxd6 25. Bc4 Rxc4 26. Rxc4 b5 27. Rc3 axb4
28. axb4 Bxe4 29. Qf2 Bxb4 30. Rc7 Re7 31. Qf6 Rxc7 32. Rd8+ Bf8 33. Rxa8 Bxa8
34. Qxe5 Rc5 35. Qb8 Bd5 36. Nd4 b4 37. Qg3 Rc3 38. Qe5 Rc5 39. Qg3 Rc3 40. Qe5
1/2-1/2